Die Imala : der Umlaut im Arabischen /

محفوظ في:

المؤلف الرئيسي: Grunert, Max, 1849-1929.

التنسيق: كتاب

اللغة: Arabic
German

منشور في: Wien : Karl Gerold's Sohn, 1876.

سلاسل: Western books, The Middle East from the Rise of Islam ; Mic. fiches 3,543-3,544.

الموضوعات:

الوسوم: إضافة وسم

لا توجد وسوم, كن أول من يضع وسما على هذه التسجيلة!

رقم الطلب: PJ6121 .G8

LEADER 00687nam a22002177a 4500
003 OSt
005 20251110092451.0
008 251110t1876 au b 000 0 ara d
040 |c ARCE Library 
041 0 |a ara  |a ger 
050 1 4 |a PJ6121  |b .G8 
100 1 |a Grunert, Max,  |d 1849-1929. 
245 1 0 |a Die Imala :   |b der Umlaut im Arabischen /   |c von Max Th. Grunert. 
264 1 |a Wien :  |b Karl Gerold's Sohn,   |c 1876. 
300 |a 98 pages ;  |c 24 cm. 
504 |a Includes bibliographical references. 
650 0 |a Arabic language  |x Grammar. 
830 0 |a Western books, The Middle East from the Rise of Islam ;  |v fiches 3,543-3,544.  |p Mic. 
901 |a reviewed 
942 |2 lcc  |c BK 
999 |c 57052  |d 57052